Statistics for Hidden letters #6

Click here to take the quiz!

General Stats

  • This quiz has been taken 41 times
  • The average score is 5 of 6

Answer Stats

HintAnswer% Correct
Guided answer: Enter the first letters of each answer so farAS
97%
Second most populous country in worldIndia
97%
Biggest country in the Middle EastSaudi Arabia
95%
SECRET WORD:ASIA
86%
Mountain range in South AmericaAndes
84%
Smallest continent in the worldAustralia
84%

Score Distribution

Percentile by Number Answered

Percent of People with Each Score

Your Score History

You have not taken this quiz